000 00612nam a2200241Ia 4500
003 OSt
005 20221007102331.0
006 a|||||r|||| 00| 0
007 ta
008 221006b |||||||| |||| 00| 0 eng d
020 _a8187162147
024 _a10,072
037 _cTextual
040 _aLCO
_cLCO
_beng
041 _2eng
_aeng
082 _aZ2,5W8, N9
100 _aKatju M. Au.
_9683693
245 0 _aDomestic Enquiry
260 _aNew
_bDelhi Lexis, Nexis Butterworths India
_c1999
300 _a370
942 _hZ2,5W8, N9
_cTEXL
999 _c1179635
_d1179635